Strany mira. Kratkij politiko-ekonomičeskij spravočnik.

Uložené v:
Podrobná bibliografia
Hlavný autor: Agaryšev, A.A
Médium: Kniha
Jazyk:Slovak
Vydané: 1986.
Tagy: Pridať tag
Žiadne tagy, Buďte prvý kto otaguje tento záznam!

MARC

LEADER 00000nam a22000004a 4500
001 000525919
005 20161031083632.0
008 161031s1986 xo e 000 0 slo d
040 |a SVKKK  |b slo  |c SVKKK  |e AACR2 
100 1 |a Agaryšev, A.A. 
245 1 0 |a Strany mira. Kratkij politiko-ekonomičeskij spravočnik. 
260 |c 1986. 
500 |a Záznam revízie 
910 |a svkkk 
998 |a BK 
090 |g SCKHL  |k Sklad Hlavná 10 prízemie  |a I.57336  |j 750557  |i 2720389825  |s Absenčne